000
00235nam a2200109Ia 4500
008
190216s9999||||xx |||||||||||||| ||und||
100
_a
Kurt Palke
245
0
_a
Rose Gardens
260
_b
Paper Books
650
_a
English
942
_c
BK
999
_c
13325
_d
13325